| 000 | 00790nam a2200241 a 4500 | ||
|---|---|---|---|
| 005 | 20200104041548.0 | ||
| 008 | 140123b2002 ck ||||| |||| 00| 0 spa d | ||
| 041 | _aspa | ||
| 044 | _ack | ||
| 090 |
_aIAvH _b00316 |
||
| 110 |
_bInstituto de Investigación de Recursos Biológicos Alexander von Humboldt. Unidad Cinematográfica de Historia Natural _911791 |
||
| 245 |
_aYakaira _bcóndor de los Andes |
||
| 260 |
_aBogotá _bInstituto Alexander von Humboldt _c2002 |
||
| 300 | _a26 min. | ||
| 650 |
_aAves de rapiña _94837 |
||
| 650 |
_aEspecies amenazadas _9157 |
||
| 650 |
_abiodiversidad _922948 |
||
| 650 |
_aConservación _922949 |
||
| 650 |
_a Restauración de poblaciones _94348 |
||
| 662 |
_aColombia _cCordillera de los Andes |
||
| 942 |
_cCD-ROM _2z _02 |
||
| 945 | _d2004-11-03 | ||
| 999 |
_c4243 _d4243 |
||